Книга за учителя на втора група в детската градина (Запис номер 114548)
[ съкратено ]
| 000 -Лидер | |
|---|---|
| Контролно поле с фиксирана дължина | 02125nam a2200373 c 4500 |
| 003 - Код на организацията, давaща контролен номер | |
| Контролно поле | BLK |
| 005 - Дата и час на последна редакция | |
| Контролно поле | 20230809005339.0 |
| 008 - Елементи от данни с фиксирана дължина | |
| fixed length control field | 180409b bul|||||r ||||||| ||bul|| |
| 010 ## - Наследен системен номер | |
| LC control number | KNG00119979000 |
| 040 ## - Източник на каталожния запис | |
| Идентификатор на билиотеката - собственик на записа | BLK |
| 041 ## - Код за език | |
| Код за езика на текст/звукозапис или на отделно заглавие | Български |
| Код за езика КДБФ | Български |
| 080 ## - УДК | |
| Текстов определител УДК | Предучилищно възпитание |
| УДК код - определител по УДК | 373.2.016 |
| УДК - код + определител | 373.2.016 |
| 139 ## - Редно поле | |
| Редна дума | Книга за учителя на втора група в детската градина |
| Авторски знак | Кни - К 69 |
| 245 10 - Сведения за заглавието | |
| Заглавие | Книга за учителя на втора група в детската градина |
| Подзаглавни данни | Ч. 1- |
| Редно поле (дума) | под ред. на Елка Петрова; съавт. на том Елка Петрова; * Елка Петрова Кътова. |
| Том | Ч. 2 |
| 257 ## - Страна на издаване | |
| Страна на създаване/издаване | България |
| 260 ## - Област на издателските данни | |
| Име на издателя, разпространителя и проч. | Нар. просв. |
| Година на издаване | 1984 |
| Печатница | В. Търново : Д. Найденов |
| Място на издаване, разпространение и проч. | София |
| 300 ## - Физическа характеристика | |
| Размери/Мащаб | 20 см |
| 380 ## - Жанр | |
| Жанр | Обществени науки |
| 650 #4 - Допълнително описание по предмет – тема | |
| Основно описание – тема или топоним | Учебно-възпитателна работа - в детските градини |
| 9 (RLIN) | 243795 |
| 650 #0 - Допълнително описание по предмет – тема | |
| Основно описание – тема или топоним | Детски градини - учебно-възпитателна работа |
| 9 (RLIN) | 245906 |
| 653 ## - Ключова дума – ненормативна | |
| Ключова дума | детски градини |
| 653 ## - Ключова дума – ненормативна | |
| Ключова дума | учебно-възпитателна работа |
| 700 1# - Други автори (авторска отговорност) | |
| Лично име | Петрова, Елка |
| Автороска отговорност (Описва отношението между автора и произведението) | под ред. на |
| Друга информация | Кътова, Елка Петрова |
| 9 (RLIN) | 374021 |
| 700 1# - Други автори (авторска отговорност) | |
| Лично име | Петрова, Елка |
| Автороска отговорност (Описва отношението между автора и произведението) | съавт. на том |
| Друга информация | Кътова, Елка Петрова |
| 9 (RLIN) | 374021 |
| 700 1# - Други автори (авторска отговорност) | |
| Лично име | Кътова, Елка Петрова |
| Автороска отговорност (Описва отношението между автора и произведението) | * |
| 9 (RLIN) | 287561 |
| 760 1# - Описание на основната серия | |
| Място на издаване, издател и година | 1984 |
| Страници - том | 212 с. : с ил., сх., табл., 8 л. цв. ил. |
| Забележка - том | Други авт. : Б. Боева, Б. Стефанова, В. Тетевенска, Д. Стоицева, В. Георгиева, Е. Томова, Е. Христова, М. Каменова, М. Тодорова, М. Владимирова, Н. Витанова, Ц. Шейтанова, отбелязани в библиогр. каре |
| Заглавие | Ч. 2 |
| 852 ## - Местоположение | |
| Форматна сигнатура | Цб 129338 |
| 856 4# - Електронен адрес и достъп | |
| Електронен формат | pdf - файл |
| 856 4# - Електронен адрес и достъп | |
| Електронен формат | pdf - файл |
| 999 ## - СИСТЕМНИ КОНТРОЛНИ НОМЕРА | |
| Koha biblionumber | 114548 |
| Koha biblioitemnumber | 114548 |
| 942 ## - АРТИКУЛИ | |
| Вид на библиотечния материал | Книги |
| Скрит в OPAC | Не |
| Koha issues (borrowed), all copies | 3 |
| Периодичен библиозапис | Да |
| 944 ## - СЪЗДАВАНЕ И РЕДАКЦИЯ на ЗАПИСА | |
| Създаване/Редакция | Създаване |
| Дата на регистрацията/редакция | 21.10.2010 |
| Статус, дата на статуса | CRON CRON |
| Служител, извършил регистрацията/редакцията | |
| 944 ## - СЪЗДАВАНЕ И РЕДАКЦИЯ на ЗАПИСА | |
| Създаване/Редакция | Редакция |
| Дата на регистрацията/редакция | 25.10.2010 |
| Статус, дата на статуса | добави в АБ / 19.10.2010 |
| 999 ## - СИСТЕМНИ КОНТРОЛНИ НОМЕРА | |
| Koha biblioitemnumber | 114548 |
| Код за отписване | Код за изгубен артикул | Източник на класификационната схема | Код за повреда | Коз за рестрикции | Код за отдаване | Артикулен № | Име на библиотеката - собственик | Име на библиотеката, в която се намира в момента | Статус (Текущо местоположение) | Дата на вписване в системата | Местоположение - отдел | Цена в лева | Инвентарен номер | Систематично азбучна сигнатура | Баркод | Номер на екземпляра | Цена в евро | Служебна бележка | Служебен тип на артикула |
|---|---|---|---|---|---|---|---|---|---|---|---|---|---|---|---|---|---|---|---|
| Не е изгубен | Universal Decimal Classification | Не е повреден | без рестрикции | ползва се в читалня | 183711 | Регионална библиотека "Любен Каравелов" Русе | Регионална библиотека "Любен Каравелов" Русе | Хранилище | 1984-01-01 | Хранилище | 1.25 | 416264 | Цб 129338 | 900000008919 | 1 | 0.64 | Дост: Dp Вид: Д N: стар фонд Дата: 01.01.1984 | Книги | |
| Изтеглен | Не е изгубен | Universal Decimal Classification | Не е повреден | без рестрикции | заемане за дома | 183712 | Регионална библиотека "Любен Каравелов" Русе | Регионална библиотека "Любен Каравелов" Русе | Заемна - подръчен фонд | 1984-01-01 | Заемна - подръчен фонд | 1.25 | 415865 | П 372.3/К 69 | 415865 | 2 | 0.64 | Дост: Pk Вид: Ф N: стар фонд Дата: 01.01.1984 | Книги |
| Не е изгубен | Universal Decimal Classification | Не е повреден | без рестрикции | заемане за дома | 183713 | Регионална библиотека "Любен Каравелов" Русе | Регионална библиотека "Любен Каравелов" Русе | Количка | 2010-10-06 | Заемна - подръчен фонд | 7.00 | 120000746280 | 373.2.016/К 69 | 120000746280 | 3 | 3.58 | Дост: DA Вид: А N: 21 Дата: 06.10.2010 Дата инв: 07.02.2018 Бележки инв: П2018 | Книги |